Prentice hall Nurse's drug guide, 2007 (Record no. 32455)
[ view plain ]
| 000 -LEADER | |
|---|---|
| fixed length control field | 00903nam a2200229 a 4500 |
| 008 - FIXED-LENGTH DATA ELEMENTS--GENERAL INFORMATION | |
| fixed length control field | 110902s2007 ||||||||||||||||| || u |
| 020 ## - INTERNATIONAL STANDARD BOOK NUMBER | |
| International Standard Book Number | 0132223368 |
| 050 ## - LIBRARY OF CONGRESS CALL NUMBER | |
| Classification number | RM 125 PRE |
| 100 ## - MAIN ENTRY--PERSONAL NAME | |
| Personal name | Wilson, Billie Ann |
| 245 10 - TITLE STATEMENT | |
| Title | Prentice hall Nurse's drug guide, 2007 |
| Statement of responsibility, etc. | [edited by] Wilson, Billie Ann; [and others] |
| 260 ## - PUBLICATION, DISTRIBUTION, ETC. | |
| Place of publication, distribution, etc. | Upper Saddle River, NJ: |
| Name of publisher, distributor, etc. | Pearson Education, Inc |
| Date of publication, distribution, etc. | 2007 |
| 300 ## - PHYSICAL DESCRIPTION | |
| Extent | xviii, 1876p.: ill. |
| 350 ## - | |
| -- | 0.00 |
| 500 ## - GENERAL NOTE | |
| General note | Accompanied by CD-ROM. |
| 650 ## - SUBJECT ADDED ENTRY--TOPICAL TERM | |
| Topical term or geographic name entry element | DRUGS--HANDBOOKS, MANUALS, ETC |
| 650 ## - SUBJECT ADDED ENTRY--TOPICAL TERM | |
| Topical term or geographic name entry element | DRUGS THERAPY--NURSING--HANDBOOKS, MANUALS, ETC |
| 650 ## - SUBJECT ADDED ENTRY--TOPICAL TERM | |
| Topical term or geographic name entry element | CHEMOTHERAPHY--HANDBOOKS, MANUALS, ETC |
| 650 ## - SUBJECT ADDED ENTRY--TOPICAL TERM | |
| Topical term or geographic name entry element | DRUGS |
| 700 ## - ADDED ENTRY--PERSONAL NAME | |
| Personal name | Shannon, Margaret T |
| 700 ## - ADDED ENTRY--PERSONAL NAME | |
| Personal name | Shields, Kelly M |
| 995 ## - | |
| -- | MICHAEL CHILUFYA SATA OPEN ACCESS |
| -- | 0.00 |
| -- | 900954 |
| -- | CBU-SCHOOL OF MEDICINE LIBRARY (Ndola) |
| -- | 1 |
| -- | 0.00 |
| -- | RM 125 PRE |
| -- | 1 |
| -- | REFERENCE |
| -- | Nov 1, 2011 |
| -- | 900954 |
| -- | Reference Collection |
| 999 ## - | |
| -- | 32455 |
| -- | 32455 |
| Withdrawn status | Lost status | Source of classification or shelving scheme | Damaged status | Not for loan | Permanent Location | Current Location | Shelving location | Date acquired | Total Checkouts | Full call number | Barcode | Date last seen | Price effective from | Koha item type |
|---|---|---|---|---|---|---|---|---|---|---|---|---|---|---|
| CBU-SCHOOL OF MEDICINE LIBRARY, NDOLA. | CBU-SCHOOL OF MEDICINE LIBRARY, NDOLA. | 11/30/2022 | RM 125 PRE | 900954 | 11/30/2022 | 11/30/2022 | MONOGRAPH |